000 00815cam a2200289 a 4500
001 17535654
005 20180201090138.0
008 121119s2014 maua b 001 0 eng
010 _a 2012046659
020 _a9781449678388
020 _a1449678386
020 _a9781284026085
035 _a(DNLM)101596106
040 _aDNLM/DLC
_cDLC
_dDLC
041 _aeng
042 _apcc
060 1 0 _aWB 400
080 _a613.2023 PAL
082 0 0 _a613.2023 PAL
_223
100 1 _a10
101 _aNUT
245 1 4 _aThe profession of dietetics :
_cJune R. Payne-Palacio, Deborah D. Canter.
504 _aIncludes bibliographical references and index.
906 _a7
_bcbc
_corignew
_d1
_eecip
_f20
_gy-gencatlg
942 _2ddc
_cBK
999 _c41555
_d41555